00326 2200145 4500245004100000250001100041100002100052650001600073650001700089005001900106260001800125041001400143084001400157336000900171 aAutobiograficNadia Khairana ChText aCet. 1 aNadia Khairana C aKarya Siswa aAutobiografi a20250520112233 aJakartac2025 aIndonesia a081 NAD a atext